01071nab a22002057a 4500003000400000005001700004008004100021040000700062100003000069245020000099260007300299300001300372500004500385505012400430505008900554650002300643700002600666700002900692773014400721OSt20251215112453.0190604e xxu||||| |||| 00| 0 spa d cPJ aDel Río, María Morena10aDecreto 493/2025. Actualizaciones al marco regulatorio para la prestación del servicio público de agua potable y desagües cloacales /cMaría Morena del Río, Lucrecia Re y Dolores Perino aCiudad Autónoma de Buenos Aires :bThomson Reuters La Ley, c2025. ap. 60-63 aCita Online: TR LALEY AR/DOC/2383/2025.  aSumario: I. Introducción.— II. Breve reseña histórica.— III. Principales modificaciones.— IV. Conclusiones. t¿Te interesa el texto completo? Solicitalo al correo: koha@justierradelfuego.gov.ar 0aSERVICIO PÚBLICO aRe, Lucreciaecoautor aPerino, Doloresecoautor0 02714dCiudad Autónoma de Buenos Aires : Thomson Reuters La Ley, 2014-tRevista anales de legislación argentina. Nº 11- Noviembre 2025.